Indian banking system. 6V (Record no. 29187)

MARC details
000 -LEADER
fixed length control field 00451nam a2200169Ia 4500
008 - FIXED-LENGTH DATA ELEMENTS--GENERAL INFORMATION
fixed length control field 230917s9999||||xx |||||||||||||| ||und||
020 ## - ISBN
Price RS8000
040 ## - CATALOGING SOURCE
-- 231140
Original cataloging agency VIVEKANANDA LIBRARY
041 ## - Language
-- English
082 ## - DDC NUMBER
Classification number 332.10954 A51I
100 ## - MAIN ENTRY--PERSONAL NAME
Personal name Ahmad, Rais
245 #0 - TITLE STATEMENT
Title Indian banking system. 6V
260 ## - PUBLICATION, DISTRIBUTION, ETC. (IMPRINT)
Place of publication, distribution, etc New Delhi
Name of publisher, distributor, etc Mittal Publishers
Date of publication, distribution, etc 2013
300 ## - PHYSICAL DESCRIPTION
Pages ixi, 203 p.
500 ## - GENERAL NOTE
General note 3344 05/12/2018 MP17/G-XVI-1 28/05/2016 Main Budget
942 ## - ADDED ENTRY ELEMENTS (KOHA)
Koha item type Books
Holdings
Withdrawn status Lost status Damaged status Not for loan Location (home branch) Sublocation or collection (holding branch) Date acquired Koha issues (times borrowed) Koha full call number Accession No. Koha date last seen Koha item type
        VIVEKANANDA LIBRARY VIVEKANANDA LIBRARY 02/03/2017   332.10954 A51I 359914 17/09/2023 Books
        VIVEKANANDA LIBRARY VIVEKANANDA LIBRARY 02/03/2017   332.10954 A51I 359915 17/09/2023 Books
        VIVEKANANDA LIBRARY VIVEKANANDA LIBRARY 02/03/2017   332.10954 A51I 359916 17/09/2023 Books
        VIVEKANANDA LIBRARY VIVEKANANDA LIBRARY 02/03/2017   332.10954 A51I 359917 17/09/2023 Books
        VIVEKANANDA LIBRARY VIVEKANANDA LIBRARY 02/03/2017   332.10954 A51I 359918 17/09/2023 Books
        VIVEKANANDA LIBRARY VIVEKANANDA LIBRARY 02/03/2017   332.10954 A51I 359919 17/09/2023 Books
        VIVEKANANDA LIBRARY VIVEKANANDA LIBRARY 02/03/2017   332.10954 A51I 387256 17/09/2023 Books
        VIVEKANANDA LIBRARY VIVEKANANDA LIBRARY 02/03/2017   332.10954 A51I 387257 17/09/2023 Books
        VIVEKANANDA LIBRARY VIVEKANANDA LIBRARY 02/03/2017   332.10954 A51I 387258 17/09/2023 Books
        VIVEKANANDA LIBRARY VIVEKANANDA LIBRARY 02/03/2017   332.10954 A51I 387259 17/09/2023 Books
        VIVEKANANDA LIBRARY VIVEKANANDA LIBRARY 02/03/2017   332.10954 A51I 387260 17/09/2023 Books
        VIVEKANANDA LIBRARY VIVEKANANDA LIBRARY 02/03/2017   332.10954 A51I 387261 17/09/2023 Books
© Designed and Maintained by Vivekananda Library, MDU Rohtak